[Event "Frankfurt-chA"]
[Site "Frankfurt"]
[Date "2016.05.30"]
[Round "5"]
[White "Stockmann, Michael"]
[Black "Sachse, Guenter"]
[Result "0-1"]
[WhiteElo "2189"]
[BlackElo "1989"]
[PlyCount "74"]
[EventDate "2016.04.25"]
[EventType "swiss"]
[EventRounds "9"]
[EventCountry "GER"]
[SourceTitle "EXT 2018"]
[Source "ChessBase"]
[SourceDate "2017.10.13"]
[SourceVersion "1"]
[SourceVersionDate "2017.10.13"]
[SourceQuality "1"]

1. d4 Nf6 2. Nf3 g6 3. g3 Bg7 4. Bg2 d5 5. c4 c6 6. Ne5 Nbd7 7. Nc3 dxc4 8. Nxc4 Nb6 9. Ne5 0-0 10. 0-0 Ng4 11. Nf3 e5 12. Bg5 f6 13. Bc1 Qc7 14. h3 exd4 15. Qb3+ Kh8 16. Nxd4 Ne5 17. f4 Nec4 18. e4 Qe7 19. Na4 c5 20. Nxb6 Nxb6 21. Ne2 Be6 22. Qc2 Rfd8 23. Be3 Nc4 24. Bc1 Rac8 25. b3 Nd6 26. Nc3 Qd7 27. Kh2 c4 28. b4 Nb5 29. Rd1 Qe8 30. Be3 b6 31. Nxb5 Qxb5 32. f5 gxf5 33. Qc3 Rd3 34. Rxd3 cxd3 35. Qd4 fxe4 36. Bxe4 f5 37. Bxf5 Qxf5 0-1

[Event "Frankfurt-chA"]
[Site "Frankfurt"]
[Date "2015.06.15"]
[Round "7"]
[White "Rolf, Marco"]
[Black "Stockmann, Michael"]
[Result "0-1"]
[WhiteElo "1913"]
[BlackElo "2193"]
[PlyCount "48"]
[EventDate "2015.04.27"]
[EventType "swiss"]
[EventRounds "7"]
[EventCountry "GER"]
[SourceTitle "EXT 2016"]
[Source "ChessBase"]
[SourceDate "2015.10.08"]
[SourceVersion "1"]
[SourceVersionDate "2015.10.08"]
[SourceQuality "1"]

1. d4 Nf6 2. c4 e6 3. Nc3 Bb4 4. Qc2 c5 5. e3 d5 6. Nf3 Nc6 7. a3 Bxc3+ 8. Qxc3 Ne4 9. Qc2 Qa5+ 10. Bd2 Nxd2 11. Qxd2 Qxd2+ 12. Kxd2 cxd4 13. exd4 dxc4 14. Bxc4 0-0 15. Rad1 Rd8 16. Kc3 Ne7 17. Rhe1 Kf8 18. Re5 b6 19. d5 Bb7 20. d6 Nd5+ 21. Bxd5 Bxd5 22. Rexd5 Rac8+ 23. Kd4 exd5 24. Kxd5 Rxd6+ 0-1

[Event "BL2-West 1415"]
[Site "Germany"]
[Date "2014.11.09"]
[Round "3.6"]
[White "Kniest, Oliver"]
[Black "Stockmann, Michael"]
[Result "1/2-1/2"]
[WhiteElo "2302"]
[BlackElo "2222"]
[PlyCount "185"]
[EventDate "2014.09.21"]
[EventType "team-tourn"]
[EventRounds "9"]
[EventCountry "GER"]
[SourceTitle "CBM 166 Extra"]
[Source "ChessBase"]
[SourceDate "2015.06.18"]
[SourceVersion "1"]
[SourceVersionDate "2015.06.18"]
[SourceQuality "1"]
[WhiteTeam "Solingen II"]
[BlackTeam "Schoeneck"]
[WhiteTeamCountry "GER"]
[BlackTeamCountry "GER"]

1. d4 d5 2. c4 e6 3. Nc3 Be7 4. cxd5 exd5 5. Bf4 c6 6. Qc2 Bg4 7. e3 Bh5 8. Bd3 Bg6 9. Nge2 Nd7 10. 0-0 Ngf6 11. h3 0-0 12. f3 Nh5 13. Bh2 Bg5 14. e4 dxe4 15. fxe4 c5 16. d5 Re8 17. Qb3 b6 18. Bb5 Nhf6 19. e5 Nxe5 20. Bxe8 Qxe8 21. Nf4 Nd3 22. Nxg6 Qe3+ 23. Kh1 hxg6 24. Qc2 Nb4 25. Qd1 c4 26. Bg1 Qe5 27. Bh2 Qe3 28. Qa4 Qc5 29. Bg1 Qd6 30. Nb5 Qf8 31. d6 Nbd5 32. Qxc4 a6 33. Nc7 Rc8 34. Qxa6 Nxc7 35. dxc7 Rxc7 36. Qxb6 Qc8 37. Rad1 Kh7 38. Qd4 Rc2 39. Rf2 Rc4 40. Qd3 Qc6 41. Rf3 Rc2 42. Bd4 Ne4 43. a4 f5 44. a5 Bh4 45. b4 Rc4 46. Bc5 Rc3 47. Qxc3 Nxc3 48. Rxc3 f4 49. Ra3 Qa6 50. Rb1 g5 51. b5 Qf6 52. Rc1 g4 53. hxg4 Bg3 54. Kg1 Qh6 55. Rf3 Kg6 56. a6 Qh2+ 57. Kf1 Qh1+ 58. Bg1 Bh2 59. Kf2 Bg3+ 60. Rxg3 Qh4 61. Rc6+ Kh7 62. Bh2 fxg3+ 63. Bxg3 Qd8 64. Rd6 Qa5 65. g5 Qxb5 66. g6+ Kh6 67. Bf4+ Kh5 68. a7 Qa4 69. Be3 Qh4+ 70. Ke2 Qe4 71. Rd8 Qxg2+ 72. Ke1 Qh1+ 73. Kd2 Qg2+ 74. Kc3 Qc6+ 75. Kb4 Qb7+ 76. Ka5 Qc7+ 77. Bb6 Qc3+ 78. Ka6 Qc4+ 79. Kb7 Qe4+ 80. Kb8 Qe5+ 81. Kc8 Qe6+ 82. Kc7 Qe5+ 83. Kd7 Qf5+ 84. Kc7 Qe5+ 85. Kc6 Qe6+ 86. Kc5 Qe7+ 87. Kc4 Qe2+ 88. Kb4 Qb2+ 89. Kc5 Qc3+ 90. Kb5 Qb3+ 91. Kc6 Qa4+ 92. Kb7 Qe4+ 93. Kb8 1/2-1/2

[Event "Frankfurt-chA"]
[Site "Frankfurt"]
[Date "2014.05.05"]
[Round "2"]
[White "Stockmann, Michael"]
[Black "Blum, Ralph"]
[Result "1-0"]
[WhiteElo "2181"]
[BlackElo "1897"]
[PlyCount "71"]
[EventDate "2014.04.28"]
[EventType "swiss"]
[EventRounds "7"]
[EventCountry "GER"]
[SourceTitle "EXT 2015"]
[Source "ChessBase"]
[SourceDate "2014.11.20"]
[SourceVersion "1"]
[SourceVersionDate "2014.11.20"]
[SourceQuality "1"]

1. d4 e6 2. c4 f5 3. g3 Nf6 4. Bg2 Be7 5. Nf3 d6 6. 0-0 0-0 7. Qc2 Qe8 8. Nc3 Qg6 9. d5 e5 10. Nh4 Qh5 11. Bf3 Ng4 12. h3 g5 13. Nxf5 Bxf5 14. hxg4 Bxg4 15. Bxg4 Qxg4 16. Qe4 Qh3 17. Qg2 Qg4 18. Ne4 b6 19. f3 Qf5 20. g4 Qg6 21. Ng3 e4 22. Nxe4 Nd7 23. b3 a5 24. Bb2 Rae8 25. Ng3 Bf6 26. e4 Be5 27. Nf5 Rf7 28. Rad1 h6 29. Bxe5 Nxe5 30. Rd2 Rh7 31. Qg3 Kh8 32. Rh2 Nd3 33. Qg2 Nf4 34. Qb2+ Re5 35. Nd4 h5 36. Nc6 1-0

[Event "BL2-Sued 1314"]
[Site "Germany"]
[Date "2014.03.16"]
[Round "8.4"]
[White "Weber, Ulrich"]
[Black "Stockmann, Michael"]
[Result "1-0"]
[WhiteElo "2429"]
[BlackElo "2256"]
[PlyCount "71"]
[EventDate "2013.10.13"]
[EventType "team-tourn"]
[EventRounds "9"]
[EventCountry "GER"]
[SourceTitle "EXT 2015"]
[Source "ChessBase"]
[SourceDate "2014.11.20"]
[SourceVersion "1"]
[SourceVersionDate "2014.11.20"]
[SourceQuality "1"]
[WhiteTeam "Hofheim"]
[BlackTeam "Schoeneck"]
[WhiteTeamCountry "GER"]
[BlackTeamCountry "GER"]

1. c4 e6 2. g3 d5 3. Bg2 Nf6 4. Nf3 c5 5. 0-0 Nc6 6. e3 Be7 7. b3 0-0 8. Bb2 d4 9. exd4 cxd4 10. Re1 Re8 11. d3 h6 12. a3 a5 13. Nbd2 Bc5 14. Ne5 Nxe5 15. Rxe5 Nd7 16. Re2 e5 17. Qe1 Kf8 18. Nf3 Bd6 19. b4 axb4 20. axb4 Rxa1 21. Bxa1 b6 22. Bb2 Bb7 23. Nxe5 Rxe5 24. Bxb7 Qe7 25. Rxe5 Nxe5 26. Qe4 f6 27. Bd5 Bxb4 28. Bxd4 Bc5 29. Bc3 Nf7 30. Qf5 Nd6 31. Qg4 Qe8 32. Kg2 Qe7 33. Bd2 Nf7 34. d4 Bd6 35. Be3 Nd8 36. Bxh6 1-0

[Event "BL2-Sued 1314"]
[Site "Germany"]
[Date "2014.02.09"]
[Round "6.4"]
[White "Balcerak, Jakob"]
[Black "Stockmann, Michael"]
[Result "1-0"]
[WhiteElo "2443"]
[BlackElo "2259"]
[PlyCount "91"]
[EventDate "2013.10.13"]
[EventType "team-tourn"]
[EventRounds "9"]
[EventCountry "GER"]
[SourceTitle "EXT 2015"]
[Source "ChessBase"]
[SourceDate "2014.11.20"]
[SourceVersion "1"]
[SourceVersionDate "2014.11.20"]
[SourceQuality "1"]
[WhiteTeam "Schott Mainz"]
[BlackTeam "Schoeneck"]
[WhiteTeamCountry "GER"]
[BlackTeamCountry "GER"]

1. e4 c6 2. d4 d5 3. Nc3 dxe4 4. Nxe4 Bf5 5. Ng3 Bg6 6. h4 h6 7. Nf3 Nd7 8. h5 Bh7 9. Bd3 Bxd3 10. Qxd3 Ngf6 11. Bf4 Qa5+ 12. Bd2 Qc7 13. 0-0-0 e6 14. Ne4 0-0-0 15. g3 Nxe4 16. Qxe4 c5 17. Bf4 Bd6 18. Bxd6 Qxd6 19. Qe3 Rhe8 20. Qa3 Qb6 21. dxc5 Nxc5 22. Ne5 Ne4 23. Rxd8+ Rxd8 24. Nxf7 Nxf2 25. Qc3+ Kb8 26. Qe5+ Ka8 27. Nxd8 Nxh1 28. Nxe6 Qg1+ 29. Kd2 Qg2+ 30. Kc3 Qc6+ 31. Kd4 a6 32. c4 Qg2 33. Kc5 Nxg3 34. Kd6 Ne4+ 35. Ke7 g6 36. Qh8+ Ka7 37. Qd4+ Ka8 38. Qd8+ Ka7 39. Qd4+ Ka8 40. c5 gxh5 41. Qd8+ Ka7 42. Qb6+ Ka8 43. c6 Nd6 44. Kxd6 Qxc6+ 45. Qxc6 bxc6 46. Kxc6 1-0

[Event "Bayern-chI Bank Hofmann 17th"]
[Site "Bad Wiessee"]
[Date "2013.11.01"]
[Round "8"]
[White "Stockmann, Michael"]
[Black "Baeuml, Ulrich"]
[Result "1/2-1/2"]
[WhiteElo "2275"]
[BlackElo "2103"]
[PlyCount "93"]
[EventDate "2013.10.26"]
[EventType "swiss"]
[EventRounds "9"]
[EventCountry "GER"]
[SourceTitle "EXT 2014"]
[Source "ChessBase"]
[SourceDate "2013.11.20"]
[SourceVersion "1"]
[SourceVersionDate "2013.11.20"]
[SourceQuality "1"]

1. d4 e6 2. c4 d5 3. Nf3 c5 4. cxd5 exd5 5. g3 Nc6 6. Bg2 Nf6 7. 0-0 Be7 8. dxc5 Bxc5 9. Bg5 Be6 10. Nc3 d4 11. Bxf6 Qxf6 12. Ne4 Qe7 13. Nxc5 Qxc5 14. b4 Qxb4 15. Rb1 Qd6 16. Rxb7 0-0 17. Qa4 Rab8 18. Rfb1 Rxb7 19. Rxb7 Bd5 20. Qa6 Qc5 21. Rc7 Qd6 22. Rxa7 Qd8 23. Rb7 Nb8 24. Rxb8 Qxb8 25. Nxd4 Qb1+ 26. Bf1 Qe4 27. Nf3 Ra8 28. Qd6 Bxa2 29. Nd2 Qe8 30. Nf3 h6 31. h4 Rd8 32. Qe5 Qd7 33. Qa1 Bd5 34. Bg2 Qb7 35. Qd4 Re8 36. Qd2 Qb5 37. Nd4 Qb1+ 38. Kh2 Bxg2 39. Kxg2 Qe4+ 40. Kg1 Rd8 41. e3 Rb8 42. Kh2 Rb1 43. Nf3 Kh7 44. Kg2 f5 45. Qd4 Qb7 46. Qd3 Kg6 47. h5+ 1/2-1/2

[Event "Bayern-chI Bank Hofmann 17th"]
[Site "Bad Wiessee"]
[Date "2013.10.31"]
[Round "7"]
[White "Hecht, Carsten"]
[Black "Stockmann, Michael"]
[Result "1/2-1/2"]
[WhiteElo "2091"]
[BlackElo "2275"]
[PlyCount "156"]
[EventDate "2013.10.26"]
[EventType "swiss"]
[EventRounds "9"]
[EventCountry "GER"]
[SourceTitle "EXT 2014"]
[Source "ChessBase"]
[SourceDate "2013.11.20"]
[SourceVersion "1"]
[SourceVersionDate "2013.11.20"]
[SourceQuality "1"]

1. e4 c6 2. d4 d5 3. Nc3 dxe4 4. Nxe4 Bf5 5. Ng3 Bg6 6. Nf3 Nf6 7. h4 Nh5 8. Nxh5 Bxh5 9. Be2 e6 10. Bf4 Nd7 11. Ne5 Nxe5 12. Bxe5 Qa5+ 13. c3 Bxe2 14. Qxe2 Qd5 15. 0-0 Be7 16. c4 Qd7 17. Qg4 Bf6 18. Bxf6 gxf6 19. d5 0-0-0 20. dxe6 Qxe6 21. Qxe6+ fxe6 22. Rfd1 Rhg8 23. f3 c5 24. Rxd8+ Rxd8 25. Re1 Rd6 26. Kf2 Kd7 27. Ke2 Rd4 28. Rd1 e5 29. Rxd4+ exd4 30. g4 h5 31. Kd3 Ke6 32. Ke4 a6 33. b3 Ke7 34. a3 a5 35. Kd3 Kf7 36. Ke4 Kg7 37. Kd3 Kh6 38. Ke2 Kg6 39. Kd3 Kf7 40. Ke4 Ke7 41. Kf4 Kf8 42. a4 Kg7 43. Kg3 Kh6 44. Kf4 Kg6 45. Kg3 Kf7 46. Kf4 Kg6 47. Kg3 b6 48. Kf4 Kh6 49. Kg3 Kh7 50. Kf4 Kg6 51. Kg3 Kf7 52. Kf4 Ke6 53. Kg3 Ke5 54. f4+ Ke4 55. g5 fxg5 56. fxg5 Ke3 57. g6 d3 58. g7 d2 59. g8Q d1Q 60. Qe6+ Kd3 61. Qxb6 Qg4+ 62. Kh2 Qxh4+ 63. Kg2 Qg5+ 64. Kh1 Kc2 65. Qxa5 Kxb3 66. Qb5+ Kc3 67. a5 Qh4+ 68. Kg1 Qg4+ 69. Kh1 Qh3+ 70. Kg1 Qg3+ 71. Kh1 Qh4+ 72. Kg2 Qe4+ 73. Kh2 Qe2+ 74. Kh1 Qe4+ 75. Kh2 Qe2+ 76. Kh1 Qf3+ 77. Kh2 Qe2+ 78. Kh1 Qf3+ 1/2-1/2

[Event "Bayern-chI Bank Hofmann 17th"]
[Site "Bad Wiessee"]
[Date "2013.10.29"]
[Round "5"]
[White "Seickel, Ralf"]
[Black "Stockmann, Michael"]
[Result "0-1"]
[WhiteElo "2051"]
[BlackElo "2275"]
[PlyCount "90"]
[EventDate "2013.10.26"]
[EventType "swiss"]
[EventRounds "9"]
[EventCountry "GER"]
[SourceTitle "EXT 2014"]
[Source "ChessBase"]
[SourceDate "2013.11.20"]
[SourceVersion "1"]
[SourceVersionDate "2013.11.20"]
[SourceQuality "1"]

1. e4 c6 2. d4 d5 3. e5 Bf5 4. Nf3 e6 5. Be2 c5 6. 0-0 Nc6 7. Nbd2 a6 8. dxc5 Bxc5 9. Nb3 Bb6 10. c3 Nge7 11. Bg5 Bg4 12. Nfd4 Bxe2 13. Qxe2 Qc7 14. Bxe7 Nxe7 15. Kh1 0-0 16. f4 Rae8 17. Rac1 Nc6 18. Nxc6 Qxc6 19. c4 Qa4 20. c5 Ba7 21. Rf3 f6 22. g3 fxe5 23. Qxe5 Bb8 24. Qd4 Qxd4 25. Nxd4 e5 26. fxe5 Bxe5 27. Rxf8+ Rxf8 28. Ne6 Re8 29. Nf4 Bxf4 30. gxf4 Kf7 31. c6 Rc8 32. c7 Ke6 33. Kg2 Kd6 34. Rd1 Rxc7 35. Rd2 a5 36. b3 Rc3 37. Kf2 b5 38. Kg2 g6 39. Kf2 a4 40. bxa4 bxa4 41. Rb2 a3 42. Rb7 Rc2+ 43. Kg3 Rxa2 44. Rxh7 Ra1 45. Rg7 Rg1+ 0-1

[Event "Bayern-chI Bank Hofmann 17th"]
[Site "Bad Wiessee"]
[Date "2013.10.27"]
[Round "3"]
[White "Gupta, Abhijeet"]
[Black "Stockmann, Michael"]
[Result "1-0"]
[WhiteElo "2593"]
[BlackElo "2275"]
[PlyCount "45"]
[EventDate "2013.10.26"]
[EventType "swiss"]
[EventRounds "9"]
[EventCountry "GER"]
[SourceTitle "EXT 2014"]
[Source "ChessBase"]
[SourceDate "2013.11.20"]
[SourceVersion "1"]
[SourceVersionDate "2013.11.20"]
[SourceQuality "1"]

1. d4 d5 2. c4 e6 3. Nf3 Nf6 4. g3 dxc4 5. Bg2 a6 6. 0-0 Nc6 7. e3 Bd7 8. Qe2 b5 9. b3 cxb3 10. axb3 Bd6 11. Bb2 Qe7 12. Rc1 Ra7 13. Ne5 Bxe5 14. dxe5 Nd5 15. Nc3 Ncb4 16. Nxd5 Nxd5 17. Bd4 Ra8 18. e4 Nb6 19. Rxc7 Nc8 20. Rd1 Qd8 21. Qc2 Ne7 22. Bb6 Rc8 23. Rdxd7 1-0

[Event "Eschborn op 10th"]
[Site "Eschborn"]
[Date "2013.09.01"]
[Round "4"]
[White "Gebhardt, Ulrich"]
[Black "Stockmann, Michael"]
[Result "0-1"]
[WhiteElo "2076"]
[BlackElo "2236"]
[PlyCount "70"]
[EventDate "2013.08.30"]
[EventType "swiss"]
[EventRounds "5"]
[EventCountry "GER"]
[SourceTitle "EXT 2014"]
[Source "ChessBase"]
[SourceDate "2013.11.20"]
[SourceVersion "1"]
[SourceVersionDate "2013.11.20"]
[SourceQuality "1"]

1. e4 c6 2. d4 d5 3. exd5 cxd5 4. Bd3 Nc6 5. c3 Nf6 6. Bf4 a6 7. Nd2 Bg4 8. Qb3 Na5 9. Qc2 Bh5 10. Ngf3 Bg6 11. Bxg6 hxg6 12. 0-0 e6 13. Rfe1 Be7 14. Ne5 0-0 15. Qd3 Rc8 16. Qh3 Nd7 17. Nxg6 fxg6 18. Qxe6+ Rf7 19. Qxd5 Nf6 20. Qxd8+ Bxd8 21. Nf3 Nd5 22. Bg3 Bf6 23. Ne5 Bxe5 24. Rxe5 Rd7 25. Rae1 Kf7 26. Kf1 Nc4 27. R5e2 b5 28. Rc2 b4 29. Rec1 bxc3 30. bxc3 Re8 31. Re2 Rc8 32. Rec2 Na3 33. Rb2 Rxc3 34. Rxc3 Nxc3 35. Be5 Nc4 0-1

[Event "Wiesbaden op 25th"]
[Site "Wiesbaden"]
[Date "2013.08.25"]
[Round "7"]
[White "Kayser, Felix"]
[Black "Stockmann, Michael"]
[Result "0-1"]
[WhiteElo "2181"]
[BlackElo "2279"]
[PlyCount "74"]
[EventDate "2013.08.22"]
[EventType "swiss"]
[EventRounds "7"]
[EventCountry "GER"]
[SourceTitle "CBM 156 Extra"]
[Source "ChessBase"]
[SourceDate "2013.10.22"]
[SourceVersion "1"]
[SourceVersionDate "2013.10.22"]
[SourceQuality "1"]

1. e4 c5 2. Nc3 Nc6 3. f4 g6 4. Nf3 Bg7 5. Bb5 Nd4 6. 0-0 Nxb5 7. Nxb5 a6 8. Nc3 d6 9. d3 e6 10. Bd2 Ne7 11. Rb1 0-0 12. Qe1 b5 13. f5 b4 14. Ne2 exf5 15. Qh4 fxe4 16. dxe4 Nc6 17. Bg5 f6 18. Be3 Qe7 19. Ng3 Be6 20. Rbe1 a5 21. b3 a4 22. Bh6 Ne5 23. Nxe5 dxe5 24. Rf3 c4 25. Bxg7 Kxg7 26. Ref1 axb3 27. axb3 cxb3 28. cxb3 h6 29. Nf5+ gxf5 30. Rg3+ Kh8 31. Rg6 Bg8 32. Rxh6+ Bh7 33. h3 f4 34. Rd1 Qg7 35. Kh1 Ra2 36. g4 fxg3 37. Rg1 Rh2# 0-1

[Event "Wiesbaden op 25th"]
[Site "Wiesbaden"]
[Date "2013.08.25"]
[Round "6"]
[White "Stockmann, Michael"]
[Black "Trumpp, Lothar"]
[Result "1-0"]
[WhiteElo "2279"]
[BlackElo "2063"]
[PlyCount "69"]
[EventDate "2013.08.22"]
[EventType "swiss"]
[EventRounds "7"]
[EventCountry "GER"]
[SourceTitle "CBM 156 Extra"]
[Source "ChessBase"]
[SourceDate "2013.10.22"]
[SourceVersion "1"]
[SourceVersionDate "2013.10.22"]
[SourceQuality "1"]

1. Nf3 g6 2. d4 Bg7 3. g3 d6 4. Bg2 c6 5. 0-0 Nf6 6. c4 0-0 7. Nc3 Nbd7 8. h3 Re8 9. e4 e5 10. Re1 Qc7 11. Be3 Nf8 12. Qc2 Nh5 13. Rad1 exd4 14. Nxd4 Ne6 15. Nde2 b6 16. g4 Nf6 17. f4 Bb7 18. f5 Nc5 19. Bf4 Bf8 20. Nd4 Ncd7 21. Nf3 Ne5 22. Nxe5 dxe5 23. Bg5 Be7 24. Rf1 Bc5+ 25. Kh1 Nd7 26. Qd2 Bc8 27. fxg6 fxg6 28. b4 Bxb4 29. Nd5 cxd5 30. Qxd5+ Kh8 31. Qf7 Rf8 32. Bf6+ Nxf6 33. Qxc7 Ba6 34. Rxf6 Rxf6 35. Qxe5 1-0

[Event "Wiesbaden op 25th"]
[Site "Wiesbaden"]
[Date "2013.08.22"]
[Round "1"]
[White "Bolduan, Michael"]
[Black "Stockmann, Michael"]
[Result "0-1"]
[WhiteElo "1869"]
[BlackElo "2279"]
[PlyCount "54"]
[EventDate "2013.08.22"]
[EventType "swiss"]
[EventRounds "7"]
[EventCountry "GER"]
[SourceTitle "CBM 156 Extra"]
[Source "ChessBase"]
[SourceDate "2013.10.22"]
[SourceVersion "1"]
[SourceVersionDate "2013.10.22"]
[SourceQuality "1"]

1. e4 d5 2. Nc3 d4 3. Nce2 e5 4. g3 c5 5. Bg2 Nc6 6. d3 h5 7. h4 Nh6 8. Nh3 Bd7 9. Bg5 Be7 10. Qd2 Ng4 11. Bxe7 Qxe7 12. a3 f6 13. 0-0-0 b5 14. f4 c4 15. dxc4 bxc4 16. fxe5 c3 17. Nxc3 dxc3 18. Qxc3 Ncxe5 19. Nf4 Rc8 20. Qb3 Nf2 21. Rd5 Nxh1 22. Bxh1 g5 23. hxg5 fxg5 24. Rxe5 Qxe5 25. Ng6 Qf6 26. Nxh8 Qxh8 27. Qd5 Qf6 0-1

[Event "Karl Mala Memorial op-A 16th"]
[Site "Frankfurt"]
[Date "2013.07.13"]
[Round "4"]
[White "Moeller, Jeremy"]
[Black "Stockmann, Michael"]
[Result "1-0"]
[WhiteElo "1959"]
[BlackElo "2285"]
[PlyCount "115"]
[EventDate "2013.07.11"]
[EventType "swiss"]
[EventRounds "7"]
[EventCountry "GER"]
[SourceTitle "EXT 2014"]
[Source "ChessBase"]
[SourceDate "2013.11.20"]
[SourceVersion "1"]
[SourceVersionDate "2013.11.20"]
[SourceQuality "1"]

1. e4 d5 2. exd5 Qxd5 3. Nc3 Qd6 4. d4 Nf6 5. Bc4 a6 6. Nge2 b5 7. Bf4 Qc6 8. Bb3 Qxg2 9. Rg1 Qb7 10. Qd3 g6 11. Ng3 Bg7 12. 0-0-0 0-0 13. f3 Rd8 14. Qe3 c6 15. h4 Nd5 16. Bxd5 cxd5 17. Bh6 Bh8 18. h5 Nc6 19. hxg6 fxg6 20. f4 e6 21. Rge1 Qf7 22. Nce2 Bd7 23. Ng1 Re8 24. Nf3 Rac8 25. Kb1 b4 26. Ng5 Qf6 27. Nf3 Rc7 28. f5 Ne7 29. fxe6 Nf5 30. Nxf5 Rxe6 31. Qf4 Rc8 32. Rxe6 Bxe6 33. Ne3 Qxf4 34. Bxf4 Rf8 35. Ng2 Bg4 36. Rd3 h6 37. Ne5 Bf5 38. Bxh6 Rc8 39. Rd2 Rc7 40. Bf4 Rh7 41. b3 Bg7 42. Kb2 Rh1 43. Ne3 Be4 44. N5g4 Rh4 45. Bg3 Rh3 46. Be5 Bf8 47. Nf6+ Kf7 48. Nexd5 Bf5 49. Nf4 Rh1 50. Nd3 Bh6 51. Rf2 Bxd3 52. cxd3 Bc1+ 53. Kc2 Ba3 54. Ne4+ Ke7 55. Kd2 Ra1 56. Ke3 Bc1+ 57. Kf3 Bh6 58. Rh2 1-0

[Event "Karl Mala Memorial op-A 16th"]
[Site "Frankfurt"]
[Date "2013.07.13"]
[Round "5"]
[White "Stockmann, Michael"]
[Black "Esterluss, Johannes"]
[Result "1-0"]
[WhiteElo "2285"]
[BlackElo "2052"]
[PlyCount "69"]
[EventDate "2013.07.11"]
[EventType "swiss"]
[EventRounds "7"]
[EventCountry "GER"]
[SourceTitle "EXT 2014"]
[Source "ChessBase"]
[SourceDate "2013.11.20"]
[SourceVersion "1"]
[SourceVersionDate "2013.11.20"]
[SourceQuality "1"]

1. d4 Nf6 2. c4 e6 3. Nf3 b6 4. g3 Bb7 5. Bg2 Bb4+ 6. Bd2 a5 7. 0-0 Be7 8. Qc2 Be4 9. Qc1 d6 10. Nc3 Bb7 11. Qc2 0-0 12. e4 g6 13. Rad1 Ne8 14. e5 Nd7 15. h4 Ng7 16. Bh6 Re8 17. d5 exd5 18. Nxd5 Bxd5 19. Rxd5 Ne6 20. Qc3 Rc8 21. Bh3 Bf8 22. Bxf8 Ndxf8 23. Rfd1 Qe7 24. exd6 cxd6 25. Rxd6 Red8 26. R6d5 Rxd5 27. Rxd5 Rc5 28. Ne5 f5 29. Bg2 Nc7 30. Rxc5 Qxc5 31. Nd3 Qd6 32. c5 bxc5 33. Nxc5 Qb6 34. Bf1 h6 35. Qe5 1-0

[Event "Karl Mala Memorial op-A 16th"]
[Site "Frankfurt"]
[Date "2013.07.12"]
[Round "2"]
[White "Weiland, Thomas"]
[Black "Stockmann, Michael"]
[Result "0-1"]
[WhiteElo "2015"]
[BlackElo "2285"]
[PlyCount "72"]
[EventDate "2013.07.11"]
[EventType "swiss"]
[EventRounds "7"]
[EventCountry "GER"]
[SourceTitle "EXT 2014"]
[Source "ChessBase"]
[SourceDate "2013.11.20"]
[SourceVersion "1"]
[SourceVersionDate "2013.11.20"]
[SourceQuality "1"]

1. e4 e6 2. d4 d5 3. e5 c5 4. Nf3 Nc6 5. Bb5 cxd4 6. Nxd4 Bd7 7. Nxc6 bxc6 8. Ba4 Qb8 9. Qd4 Ne7 10. 0-0 Nf5 11. Qf4 g6 12. g4 Bh6 13. g5 Bg7 14. Re1 h6 15. Nd2 hxg5 16. Qxg5 Rh5 17. Qg2 Nh4 18. Qg4 Bxe5 19. c4 Bxh2+ 20. Kf1 e5 21. Bxc6 Bxc6 22. cxd5 Bb5+ 23. Nc4 Bd7 24. Qe4 Bh3+ 25. Ke2 Bg2 26. Qc2 Bf3+ 27. Kf1 Qb5 28. b3 Qd7 29. Re3 Qh3+ 30. Ke1 Ng2+ 31. Kd2 Nxe3 32. Nxe3 Rc8 33. Qd3 Bf4 34. Qb5+ Qd7 35. Qd3 e4 36. Qd4 Rxd5 0-1

[Event "Frankfurt-chA"]
[Site "Frankfurt"]
[Date "2013.05.06"]
[Round "2"]
[White "Stockmann, Michael"]
[Black "Pauly, Markus"]
[Result "1-0"]
[WhiteElo "2276"]
[BlackElo "1930"]
[PlyCount "61"]
[EventDate "2013.04.29"]
[EventType "swiss"]
[EventRounds "7"]
[EventCountry "GER"]
[SourceTitle "EXT 2014"]
[Source "ChessBase"]
[SourceDate "2013.11.20"]
[SourceVersion "1"]
[SourceVersionDate "2013.11.20"]
[SourceQuality "1"]

1. d4 g6 2. Nf3 Bg7 3. g3 Nf6 4. c4 d6 5. Bg2 0-0 6. 0-0 Nbd7 7. Nc3 e5 8. h3 exd4 9. Nxd4 Re8 10. b3 a6 11. Bb2 Rb8 12. Re1 Qe7 13. Qd2 c5 14. Nc2 b5 15. Ne3 Bb7 16. Bxb7 Rxb7 17. cxb5 axb5 18. Ncd5 Nxd5 19. Nxd5 Qf8 20. Rad1 Bxb2 21. Qxb2 Qg7 22. Qa3 Qe5 23. Rd3 Reb8 24. Red1 Qxe2 25. Nf4 Qe7 26. Rxd6 c4 27. bxc4 Ne5 28. Nd5 Qf8 29. Nf6+ Kh8 30. Qc3 Re7 31. f4 1-0

[Event "Hessen-ch Master op"]
[Site "Korbach"]
[Date "2013.03.27"]
[Round "1"]
[White "Stockmann, Michael"]
[Black "Schmittdiel, Eckhard"]
[Result "0-1"]
[WhiteElo "2276"]
[BlackElo "2427"]
[PlyCount "72"]
[EventDate "2013.03.27"]
[EventType "swiss"]
[EventRounds "7"]
[EventCountry "GER"]
[SourceTitle "CBM 153 Extra"]
[Source "ChessBase"]
[SourceDate "2013.04.22"]
[SourceVersion "1"]
[SourceVersionDate "2013.04.22"]
[SourceQuality "1"]

1. d4 Nf6 2. c4 e6 3. Nf3 c5 4. e3 d5 5. Nc3 a6 6. Be2 dxc4 7. 0-0 Nc6 8. dxc5 Qxd1 9. Rxd1 Bxc5 10. Bxc4 b5 11. Be2 Bb7 12. a3 Ke7 13. b4 Bd6 14. Bb2 Rhd8 15. h3 h6 16. Nd2 Nd7 17. Nb3 Be5 18. f4 Bf6 19. Bf3 g5 20. fxg5 hxg5 21. Kf2 Rac8 22. Rac1 Be5 23. Ke2 f5 24. Nd4 Nxd4+ 25. exd4 Bxf3+ 26. Kxf3 Bf4 27. Rc2 Ne5+ 28. Kf2 Nc4 29. Ba1 Ne3 30. Rdc1 Nxc2 31. Rxc2 Rc4 32. Re2 Rdxd4 33. a4 Rd3 34. axb5 Bg3+ 35. Kf1 Rcxc3 36. Bxc3 Rxc3 0-1

[Event "BL2-Sued 1213"]
[Site "Germany"]
[Date "2013.02.03"]
[Round "6.2"]
[White "Heimann, Andreas"]
[Black "Stockmann, Michael"]
[Result "1-0"]
[WhiteElo "2491"]
[BlackElo "2297"]
[PlyCount "61"]
[EventDate "2012.10.14"]
[EventType "team-tourn"]
[EventRounds "9"]
[EventCountry "GER"]
[SourceTitle "CBM 154 Extra"]
[Source "ChessBase"]
[SourceDate "2013.06.25"]
[SourceVersion "2"]
[SourceVersionDate "2013.06.25"]
[SourceQuality "1"]
[WhiteTeam "Baden-Baden II"]
[BlackTeam "Schoeneck"]
[WhiteTeamCountry "GER"]
[BlackTeamCountry "GER"]

1. d4 d5 2. c4 e6 3. Nc3 Be7 4. cxd5 exd5 5. Bf4 Nf6 6. e3 Bf5 7. Nge2 c6 8. Ng3 Bg6 9. Bd3 Bxd3 10. Qxd3 g6 11. f3 h5 12. 0-0-0 h4 13. Nge2 b5 14. e4 b4 15. Na4 Qa5 16. b3 Qb5 17. Qc2 Na6 18. Kb1 Rc8 19. e5 Nh5 20. Be3 Ng7 21. g4 g5 22. f4 gxf4 23. Nxf4 Bg5 24. Nxd5 Qxd5 25. Bxg5 Ne6 26. Qf5 Rc7 27. Bf6 Rg8 28. Nc5 Naxc5 29. dxc5 Qxc5 30. Rd6 Qe3 31. Rhd1 1-0